书目信息 |
| 题名: |
UG NX 8.5有限元分析入门与实例精讲
|
|
| 作者: | 沈春根 , 聂文武 , 裴宏杰 编著 | |
| 分册: | ||
| 出版信息: | 北京 机械工业出版社 2015.03 |
|
| 页数: | 281页 | |
| 开本: | 26cm | |
| 丛书名: | CAD/CAM/CAE工程应用丛书 | |
| 单 册: | ||
| 中图分类: | O241.82 | |
| 科图分类: | ||
| 主题词: | 有限元分析--you xian yuan fen xi--应用软件 | |
| 电子资源: | ||
| ISBN: | 978-7-111-49638-0 | |
| 000 | 01467nam 2200325 450 | |
| 001 | CAL 0120151542935 | |
| 005 | 20150803140624.53 | |
| 010 | @a978-7-111-49638-0@dCNY59.00 (含光盘) | |
| 010 | @a978-7-89405-703-7@b光盘 | |
| 100 | @a20150421d2015 em y0chiy50 ea | |
| 101 | 0 | @achi |
| 102 | @aCN@b110000 | |
| 105 | @aak a 000yy | |
| 106 | @ar | |
| 200 | 1 | @aUG NX 8.5有限元分析入门与实例精讲@AUG NX 8.5 you xian yuan fen xi ru men yu shi li jing jiang@f沈春根, 聂文武, 裴宏杰等编著 |
| 205 | @a第2版 | |
| 210 | @a北京@c机械工业出版社@d2015.03 | |
| 215 | @a281页@c图@d26cm@e光盘1片 | |
| 225 | 2 | @aCAD/CAM/CAE工程应用丛书@ACAD/CAM/CAE gong cheng ying yong cong shu@iUG系列 |
| 320 | @a有书目 (第281页) | |
| 330 | @a本书以UG NX 8.5的高级仿真模块为平台, 详细介绍在典型工程实例中采用有限元进行分析的解题思路、操作步骤和经验技巧, 内容包括零件和组件的有限元分析入门实例、轴对称和对称约束分析专题实例、静力学多载荷受力分析、静力学和结构优化分析、静力学和疲劳耐久分析、接触应力分析、屈曲响应分析、零件和装配件结构模态分析、动力学响应分析、非线性结构分析、结构热分析、热应力分析和复合材料结构分析等实例。 | |
| 410 | 0 | @12001 @aCAD/CAM/CAE工程应用丛书@iUG系列 |
| 586 | @a | |
| 606 | 0 | @a有限元分析@Ayou xian yuan fen xi@x应用软件 |
| 690 | @aO241.82@v5 | |
| 701 | 0 | @a沈春根@Ashen chun gen@4编著 |
| 701 | 0 | @a聂文武@Anie wen wu@4编著 |
| 701 | 0 | @a裴宏杰@Apei hong jie@4编著 |
| 801 | 0 | @aCN@c20150820 |
| 905 | @a河南城建学院图书馆@dO241.82@eS3821@f3 | |
| UG NX 8.5有限元分析入门与实例精讲/沈春根, 聂文武, 裴宏杰等编著.-第2版.-北京:机械工业出版社,2015.03 |
| 281页:图;26cm+光盘1片.-(CAD/CAM/CAE工程应用丛书.UG系列) |
| ISBN 978-7-111-49638-0:CNY59.00 (含光盘) |
| 本书以UG NX 8.5的高级仿真模块为平台, 详细介绍在典型工程实例中采用有限元进行分析的解题思路、操作步骤和经验技巧, 内容包括零件和组件的有限元分析入门实例、轴对称和对称约束分析专题实例、静力学多载荷受力分析、静力学和结构优化分析、静力学和疲劳耐久分析、接触应力分析、屈曲响应分析、零件和装配件结构模态分析、动力学响应分析、非线性结构分析、结构热分析、热应力分析和复合材料结构分析等实例。 |
| ● |
| 相关链接 |
|
|
|
正题名:UG NX 8.5有限元分析入门与实例精讲
索取号:O241.82/S3821
 
预约/预借
| 序号 | 登录号 | 条形码 | 馆藏地/架位号 | 状态 | 备注 |
| 1 | 1161229 | 211612290 | 自科库401/401自科库 79排2列3层/ [索取号:O241.82/S3821] | 在馆 | |
| 2 | 1161230 | 211612307 | 自科库401/401自科库 79排2列3层/ [索取号:O241.82/S3821] | 在馆 | |
| 3 | 1161231 | 211612316 | 自科库401/401自科库 79排2列3层/ [索取号:O241.82/S3821] | 在馆 |